[Event "35th Pan-American U20"]
[Site "Cali COL"]
[Date "2010.05.23"]
[Round "5.12"]
[White "Escobar Medina, Andres F"]
[Black "Sanchez Maya, Simon"]
[Result "0-1"]
[WhiteElo "2113"]
[BlackElo "2189"]
[EventDate "2010.05.20"]
[PlyCount "56"]

1.e4 c5 2.Nf3 d6 3.Bb5+ Nc6 4.Bxc6+ bxc6 5.O-O Bg4 6.c3 Nf6 7.Re1 e6 8.d4 
Bxf3 9.Qxf3 d5 10.Bg5 cxd4 11.cxd4 Be7 12.Bxf6 Bxf6 13.e5 Be7 14.Rc1 Qb6 
15.Qc3 O-O 16.a3 Rac8 17.Nd2 c5 18.Nb3 c4 19.Nd2 Rb8 20.Rc2 Rb7 21.f4 a5 
22.Rf1 f5 23.Rf2 a4 24.Nf1 Qb3 25.Qa5 Bd8 26.Qa6 Rb6 27.Qa7 Qb5 28.Nd2 Rf7
0-1

[Event "35th Pan-American U20"]
[Site "Cali COL"]
[Date "2010.05.23"]
[Round "6.1"]
[White "Narvaez, Zamir"]
[Black "Rios, Cristhian Camilo"]
[Result "1/2-1/2"]
[WhiteElo "2176"]
[BlackElo "2267"]
[EventDate "2010.05.20"]
[PlyCount "28"]

1.e4 c5 2.Nf3 e6 3.d4 cxd4 4.Nxd4 Nf6 5.Nc3 d6 6.Be2 Be7 7.O-O O-O 8.Be3 
Nc6 9.f4 e5 10.Nxc6 bxc6 11.fxe5 dxe5 12.Qxd8 Rxd8 13.Rfd1 Rxd1+ 14.Rxd1 
Be6 1/2-1/2

[Event "35th Pan-American U20"]
[Site "Cali COL"]
[Date "2010.05.23"]
[Round "6.2"]
[White "Duran Vega, Sergio"]
[Black "Fernandez, Fernando"]
[Result "0-1"]
[WhiteElo "2082"]
[BlackElo "2388"]
[EventDate "2010.05.20"]
[PlyCount "58"]

1.e4 e5 2.Nf3 Nf6 3.Nxe5 d6 4.Nf3 Nxe4 5.Nc3 Nxc3 6.dxc3 Be7 7.Be3 Nc6 8.
Qd2 Be6 9.O-O-O Qd7 10.Kb1 Bf6 11.h3 O-O-O 12.Bb5 a6 13.Ba4 Bc4 14.Bd4 
Bxd4 15.cxd4 Bd5 16.Qc3 Qf5 17.Rhe1 Rhe8 18.Rd3 Qg6 19.Rxe8 Rxe8 20.Re3 
Rxe3 21.Qxe3 b5 22.Bb3 Bxb3 23.axb3 Qxg2 24.c3 Qxh3 25.Ka2 Qf5 26.Ng5 h6 
27.Ne4 Qd5 28.Qf4 a5 29.Nd2 Kb7 0-1

[Event "35th Pan-American U20"]
[Site "Cali COL"]
[Date "2010.05.23"]
[Round "6.3"]
[White "Blit, Jacques"]
[Black "Bassan, Remo"]
[Result "1-0"]
[WhiteElo "2398"]
[BlackElo "2164"]
[EventDate "2010.05.20"]
[PlyCount "95"]

1.Nf3 Nf6 2.g3 c5 3.Bg2 Nc6 4.c4 e5 5.Nc3 g6 6.O-O Bg7 7.e3 d5 8.cxd5 Nxd5
9.Nxe5 Nxe3 10.Nxc6 Nxd1 11.Re1+ Kd7 12.Nxd8 Nxc3 13.dxc3 Kxd8 14.Bf4 Be6 
15.Bxb7 Ke7 16.Bxa8 Rxa8 17.Rad1 Rc8 18.Bd6+ Ke8 19.Be5 Bf8 20.Bf6 Be7 21.
Bxe7 Kxe7 22.c4 a5 23.Rd3 Kf6 24.Rf3+ Kg7 25.Ra3 Bxc4 26.Rxa5 Be6 27.b3 c4
28.bxc4 Rxc4 29.Ra1 Kf6 30.a4 Ke7 31.Ra7+ Kd6 32.a5 h5 33.a6 Bd5 34.Rd1 
Ke6 35.Rxd5 Kxd5 36.Rxf7 Ke6 37.Rf8 Ra4 38.Ra8 Kf7 39.a7 Kg7 40.f4 Ra2 41.
h3 Kh7 42.g4 hxg4 43.hxg4 Kg7 44.f5 gxf5 45.gxf5 Kh7 46.f6 Ra6 47.Re8 Rxa7
48.Re7+ 1-0

[Event "35th Pan-American U20"]
[Site "Cali COL"]
[Date "2010.05.23"]
[Round "6.4"]
[White "Macias Murillo, Bryan"]
[Black "Barros, Raul Junior"]
[Result "1-0"]
[WhiteElo "2347"]
[BlackElo "2072"]
[EventDate "2010.05.20"]
[PlyCount "67"]

1.Nf3 Nf6 2.c4 c5 3.b3 e6 4.Bb2 Be7 5.e3 O-O 6.Be2 Nc6 7.O-O b6 8.d4 d5 9.
cxd5 Nxd5 10.dxc5 Bxc5 11.Nbd2 Bb7 12.Rc1 Rc8 13.Nc4 Qe7 14.Bd3 b5 15.Ncd2
a6 16.Qc2 Ncb4 17.Bxh7+ Kh8 18.Qb1 Nf6 19.Bxf6 Qxf6 20.Be4 Nd5 21.Bxd5 
exd5 22.b4 Bd6 23.Nd4 Rxc1 24.Rxc1 Re8 25.N2f3 g6 26.a3 Kg7 27.h3 Rc8 28.
Rxc8 Bxc8 29.Qb3 Be6 30.Qc3 Bd7 31.Qb3 Be6 32.Ne1 Qg5 33.Qc3 Qf6 34.Qc6 
1-0

[Event "35th Pan-American U20"]
[Site "Cali COL"]
[Date "2010.05.23"]
[Round "6.5"]
[White "Arenas, David"]
[Black "Carlo, Daniel"]
[Result "1-0"]
[WhiteElo "2313"]
[BlackElo "2068"]
[EventDate "2010.05.20"]
[PlyCount "81"]

1.e4 d5 2.exd5 Qxd5 3.Nc3 Qd6 4.d4 Nf6 5.Nf3 c6 6.Ne5 Nbd7 7.Bf4 Nd5 8.
Nxd5 Qxd5 9.Qd3 Nxe5 10.Bxe5 f6 11.Bg3 Bf5 12.c4 Bxd3 13.cxd5 Bxf1 14.Rxf1
cxd5 15.Rc1 Rd8 16.Ke2 h5 17.h4 e6 18.Rc7 Bd6 19.Bxd6 Rxd6 20.Rfc1 Rd7 21.
Rc8+ Rd8 22.R1c7 O-O 23.Rxd8 Rxd8 24.Rxb7 e5 25.Rxa7 Rc8 26.b4 Rc4 27.b5 
Rxd4 28.b6 Rb4 29.b7 Kh7 30.a4 d4 31.a5 e4 32.a6 Rb2+ 33.Kd1 d3 34.Ra8 
Rb1+ 35.Kd2 Rb2+ 36.Kc1 Rc2+ 37.Kd1 Rxf2 38.b8=Q Rxg2 39.Qe8 Rg1+ 40.Kd2 
Rg2+ 41.Ke3 1-0

[Event "35th Pan-American U20"]
[Site "Cali COL"]
[Date "2010.05.23"]
[Round "6.6"]
[White "Ceron, Edgar Ivan"]
[Black "Torres, Juan Camilo"]
[Result "1-0"]
[WhiteElo "2010"]
[BlackElo "2172"]
[EventDate "2010.05.20"]
[PlyCount "119"]

1.d4 d5 2.c4 c6 3.g3 Nf6 4.Bg2 Bf5 5.Nf3 h6 6.O-O e6 7.Nbd2 Nbd7 8.b3 Be7 
9.Bb2 O-O 10.Ne5 Qa5 11.Nxd7 Nxd7 12.e4 dxe4 13.Nxe4 Nf6 14.Qe2 Nxe4 15.
Bxe4 Bxe4 16.Qxe4 Bf6 17.Rfd1 Rad8 18.Rd3 Rd7 19.Rf3 Rfd8 20.Bc3 Qa6 21.
Rxf6 gxf6 22.Qg4+ Kh7 23.Qh4 Rg8 24.Qxf6 Qb6 25.h4 Rg6 26.Qf3 Qd8 27.h5 
Rg5 28.Re1 Kg8 29.d5 Rf5 30.Qg4+ Qg5 31.Qd4 e5 32.Qxa7 cxd5 33.cxd5 Kh7 
34.Qa4 Rc7 35.Re3 Qxh5 36.Qe4 Qg6 37.d6 Rd7 38.Bxe5 Rh5 39.a4 Qxe4 40.Rxe4
Kg6 41.b4 f6 42.Bf4 Rd5 43.Rc4 Kf5 44.Rc7 Ke6 45.Rc4 h5 46.Kg2 Rd1 47.a5 
Rb1 48.Kf3 Kd5 49.Rc5+ Ke6 50.b5 Rb3+ 51.Kg2 Ra3 52.b6 Rd8 53.Rxh5 f5 54.
Rh6+ Kd7 55.Rh7+ Kc6 56.Rc7+ Kb5 57.Bg5 Rxd6 58.Be7 Rad3 59.Bxd6 Rxd6 60.
Rxb7 1-0

[Event "35th Pan-American U20"]
[Site "Cali COL"]
[Date "2010.05.23"]
[Round "6.7"]
[White "Dominguez, Oscar"]
[Black "Herrera, Juan Sebastian"]
[Result "0-1"]
[WhiteElo "1921"]
[BlackElo "2122"]
[EventDate "2010.05.20"]
[PlyCount "64"]

1.e4 c5 2.Nf3 e6 3.d4 cxd4 4.Nxd4 a6 5.Nc3 Qc7 6.Be2 Bb4 7.O-O Nf6 8.Bg5 
Bxc3 9.Bxf6 gxf6 10.bxc3 Qxc3 11.Rb1 Nc6 12.Nxc6 bxc6 13.Rb3 Qe5 14.Qd2 
Rg8 15.Rd1 a5 16.g3 Ke7 17.Rd3 h5 18.Qe3 h4 19.f4 Qc7 20.c4 hxg3 21.hxg3 
Rb8 22.c5 Rb2 23.e5 Rxa2 24.exf6+ Kxf6 25.Rd6 Qa7 26.Rxc6 Ke7 27.Rb6 Qc7 
28.Rdb1 Rxe2 29.Qxe2 Rxg3+ 30.Kh1 Qxf4 31.R6b3 Qh4+ 32.Qh2 Qe4+ 0-1

[Event "35th Pan-American U20"]
[Site "Cali COL"]
[Date "2010.05.23"]
[Round "6.10"]
[White "Giron, David"]
[Black "Moran, Daniel Stiven"]
[Result "1-0"]
[WhiteElo "1997"]
[BlackElo "2117"]
[EventDate "2010.05.20"]
[PlyCount "97"]

1.d4 d5 2.f4 Nf6 3.Nf3 e6 4.e3 c5 5.c3 Bd6 6.Bd3 b6 7.Ne5 Qc7 8.Nd2 Nbd7 
9.O-O Bb7 10.Qf3 a6 11.a4 h6 12.Qh3 Nf8 13.g4 Bxe5 14.fxe5 Ne4 15.Bxe4 
dxe4 16.Nc4 f6 17.exf6 gxf6 18.Rxf6 O-O-O 19.Ne5 Qg7 20.Rf7 Qg5 21.Qg3 Nd7
22.Nc4 e5 23.dxe5 Bd5 24.Nd6+ Kb8 25.Rf5 Qg6 26.e6 Bxe6 27.Rg5 Qxg5 28.
Nf7+ Kb7 29.Nxg5 hxg5 30.b4 Rh4 31.h3 Rf8 32.Qg2 Rf3 33.Bd2 Rfxh3 34.Qxe4+
Kc7 35.Qxe6 Rh1+ 36.Kg2 Rxa1 37.e4 Rhh1 38.Bxg5 Rhg1+ 39.Kf2 Raf1+ 40.Ke2 
Re1+ 41.Kd3 Rg3+ 42.Kd2 Rf1 43.Be7 Rg2+ 44.Ke3 Rg3+ 45.Ke2 Rgf3 46.Qd6+ 
Kc8 47.Qc6+ Kb8 48.Bd6+ Ka7 49.Qxd7+ 1-0

[Event "35th Pan-American U20"]
[Site "Cali COL"]
[Date "2010.05.23"]
[Round "6.11"]
[White "Ospina, Juan Pablo"]
[Black "Rojas Alarcon, Julian Antonio"]
[Result "0-1"]
[WhiteElo "1934"]
[BlackElo "2323"]
[EventDate "2010.05.20"]
[PlyCount "50"]

1.e4 e5 2.Nf3 Nc6 3.Bc4 Bc5 4.c3 Nf6 5.d4 exd4 6.cxd4 Bb4+ 7.Bd2 Bxd2+ 8.
Nbxd2 d5 9.exd5 Nxd5 10.O-O O-O 11.Qb3 Nb6 12.d5 Na5 13.Qd3 Naxc4 14.Nxc4 
Qxd5 15.Qxd5 Nxd5 16.Rad1 c6 17.Rfe1 f6 18.Ne3 Be6 19.Nd4 Bf7 20.Nef5 Rad8
21.Ne6 Bxe6 22.Rxe6 Rd7 23.h3 Rfd8 24.Rde1 Kf7 25.Ne3 Kxe6 0-1

[Event "35th Pan-American U20"]
[Site "Cali COL"]
[Date "2010.05.23"]
[Round "6.12"]
[White "Ruiz C, Joshua D"]
[Black "Mayorquin, Nicolas"]
[Result "1-0"]
[WhiteElo "2094"]
[BlackElo "1848"]
[EventDate "2010.05.20"]
[PlyCount "59"]

1.e4 c5 2.Nf3 d6 3.d4 cxd4 4.Nxd4 Nf6 5.Nc3 a6 6.Bg5 e6 7.f4 Nc6 8.Nxc6 
bxc6 9.e5 h6 10.Bh4 g5 11.fxg5 Nd5 12.Nxd5 cxd5 13.Qh5 Qb6 14.Be2 Bg7 15.
Rf1 Ra7 16.Bf2 Qa5+ 17.c3 Rc7 18.Rd1 hxg5 19.Qxg5 Bxe5 20.Bg3 Bxg3+ 21.
Qxg3 Qb6 22.b3 Qc5 23.Rd3 Bb7 24.h3 e5 25.Bh5 Rf8 26.Rdf3 Qa3 27.Qg7 Qc1+ 
28.Kf2 Qd2+ 29.Kg1 d4 30.Bxf7+ 1-0

[Event "35th Pan-American U20"]
[Site "Cali COL"]
[Date "2010.05.23"]
[Round "6.13"]
[White "Guelgua, Alvaro"]
[Black "Zuleta, Juan Esteban"]
[Result "1-0"]
[WhiteElo "2022"]
[BlackElo "1916"]
[EventDate "2010.05.20"]
[PlyCount "65"]

1.e4 c5 2.Nf3 d6 3.d4 cxd4 4.Nxd4 Nf6 5.Nc3 a6 6.Bc4 e6 7.Bb3 Be7 8.O-O 
O-O 9.Be3 Nc6 10.f4 Qc7 11.Qf3 Re8 12.h3 Bf8 13.g4 Nd7 14.f5 Nde5 15.Qg3 
Na5 16.Rf2 b5 17.Raf1 Nxb3 18.axb3 b4 19.Nce2 Qb7 20.Qf4 Qe7 21.Ng3 a5 22.
g5 f6 23.Qh4 Nf7 24.gxf6 Qxf6 25.fxe6 Qxh4 26.exf7+ Kh8 27.fxe8=Q Qxg3+ 
28.Rg2 Qxe3+ 29.Rff2 Bb7 30.Qf7 Bxe4 31.Kh2 h6 32.Nf5 Qc1 33.Ne7 1-0

[Event "35th Pan-American U20"]
[Site "Cali COL"]
[Date "2010.05.23"]
[Round "6.14"]
[White "Chavarro, Jeffry"]
[Black "Escobar Medina, Andres F"]
[Result "0-1"]
[WhiteElo "2035"]
[BlackElo "2113"]
[EventDate "2010.05.20"]
[PlyCount "84"]

1.e4 c5 2.Nf3 Nc6 3.d4 cxd4 4.Nxd4 Nf6 5.Nc3 d6 6.f3 e6 7.Be3 a6 8.Qd2 Be7
9.O-O-O Nxd4 10.Bxd4 b5 11.g4 O-O 12.h4 Bb7 13.g5 Nd7 14.Kb1 b4 15.Ne2 Ne5
16.Qxb4 Qc7 17.Bb6 Qb8 18.Nd4 Re8 19.g6 hxg6 20.h5 d5 21.Qa5 Qc8 22.hxg6 
Nxg6 23.Bd3 Bf6 24.e5 Bxe5 25.Rdg1 Bxd4 26.Bxd4 e5 27.Bc5 Qc6 28.Bf5 Bc8 
29.Rh5 Bxf5 30.Rxf5 Rab8 31.Be3 Rec8 32.Qd2 d4 33.Bg5 Qe6 34.Qd3 Rc3 35.
Qe4 Qb6 36.Bc1 d3 37.Rg2 Rbc8 38.Qd5 Nh8 39.Rxg7+ Kxg7 40.Qxe5+ Kg8 41.Rh5
Ng6 42.Qg3 Rxc2 0-1

[Event "35th Pan-American U20"]
[Site "Cali COL"]
[Date "2010.05.24"]
[Round "7.1"]
[White "Fernandez, Fernando"]
[Black "Rios, Cristhian Camilo"]
[Result "0-1"]
[WhiteElo "2388"]
[BlackElo "2267"]
[EventDate "2010.05.20"]
[PlyCount "154"]

1.Nf3 Nf6 2.c4 e6 3.g3 b6 4.Bg2 Bb7 5.O-O Be7 6.d4 O-O 7.Re1 c5 8.d5 d6 9.
Nh4 Qd7 10.e4 Ne8 11.Nc3 Bxh4 12.gxh4 e5 13.f4 Qe7 14.Qg4 exf4 15.Bxf4 Nd7
16.Qg3 Ne5 17.b3 g6 18.Nb5 f6 19.h5 a6 20.Nc3 Ng7 21.hxg6 Nh5 22.gxh7+ Kh8
23.Bxe5 Nxg3 24.Bxg3 Rad8 25.Rf1 f5 26.Rae1 Qg7 27.e5 Rde8 28.exd6 Qxc3 
29.d7 Rxe1 30.Rxe1 Qd4+ 31.Kh1 Kxh7 32.Re8 Qa1+ 33.Be1 Qf6 34.Bh3 Rg8 35.
d8=Q Qxd8 36.Rxd8 Rxd8 37.Bxf5+ Kg7 38.Bc3+ Kf7 39.Kg2 Bc8 40.Be4 Rg8+ 41.
Kf3 Ke7 42.Kf4 Rg4+ 43.Ke3 Rh4 44.Be5 Rh5 45.Bg3 Bf5 46.Bf3 Rh8 47.Kf4 Rf8
48.Ke5 Bh3 49.Be4 Kd7 50.a3 a5 51.Bh4 Rf1 52.d6 Rd1 53.Bb7 Rd2 54.Ba6 Re2+
55.Kf6 Kxd6 56.Bg3+ Kc6 57.Bb5+ Kb7 58.Be5 Ka7 59.Ba4 Ra2 60.Bg3 Re2 61.
Be5 Kb7 62.Bg3 Ra2 63.Ke7 Rxa3 64.Kd6 Ra2 65.Bc6+ Ka7 66.Ba4 Rd2+ 67.Kc7 
Rd3 68.Be5 Re3 69.Bd6 Bf5 70.Bf4 Re4 71.Bd6 Re2 72.h4 Re4 73.h5 Rh4 74.Be8
Bg4 75.Be7 Rh3 76.Kc6 Bf3+ 77.Kb5 Bxh5 0-1

[Event "35th Pan-American U20"]
[Site "Cali COL"]
[Date "2010.05.24"]
[Round "7.2"]
[White "Blit, Jacques"]
[Black "Narvaez, Zamir"]
[Result "1/2-1/2"]
[WhiteElo "2398"]
[BlackElo "2176"]
[EventDate "2010.05.20"]
[PlyCount "112"]

1.d4 d5 2.Nf3 c6 3.Bf4 Nf6 4.e3 Bg4 5.Nbd2 Nbd7 6.Bd3 e6 7.O-O Be7 8.c4 
O-O 9.cxd5 exd5 10.Qc2 Re8 11.Ne5 Bh5 12.Ndf3 Bxf3 13.gxf3 Nf8 14.Bg3 Bd6 
15.b4 a5 16.bxa5 Rxa5 17.Rfb1 Ra7 18.f4 Nh5 19.a4 g6 20.a5 f6 21.Nf3 Qc8 
22.Kg2 Qd7 23.a6 Rea8 24.axb7 Rxa1 25.bxa8=B Rxa8 26.Rc1 Rc8 27.f5 Nxg3 
28.hxg3 Kg7 29.fxg6 hxg6 30.Nh4 f5 31.Rh1 Be7 32.Nxg6 Kxg6 33.Bxf5+ Qxf5 
34.Rh6+ Kxh6 35.Qxf5 Rd8 36.f4 Ng6 37.Qh3+ Kg7 38.f5 Nf8 39.Qg4+ Kh7 40.
Qh5+ Kg7 41.g4 Rd6 42.Qe8 Bg5 43.Kf2 Rf6 44.Ke2 Rh6 45.Kd1 Rh1+ 46.Kc2 
Rh2+ 47.Kd3 Rh6 48.Qe5+ Kg8 49.Kc2 Rf6 50.Kc3 Kf7 51.Qc7+ Kg8 52.Kd3 Nh7 
53.Qc8+ Nf8 54.Qe8 Kg7 55.Kc3 Rh6 56.Kb4 Kg8 1/2-1/2

[Event "35th Pan-American U20"]
[Site "Cali COL"]
[Date "2010.05.24"]
[Round "7.5"]
[White "Ceron, Edgar Ivan"]
[Black "Sanchez Maya, Simon"]
[Result "0-1"]
[WhiteElo "2010"]
[BlackElo "2189"]
[EventDate "2010.05.20"]
[PlyCount "62"]

1.d4 d5 2.Nf3 Nc6 3.c4 e5 4.dxe5 d4 5.a3 Bg4 6.Qb3 Qd7 7.Nbd2 O-O-O 8.e4 
d3 9.Qc3 f6 10.b4 Nxe5 11.Nxe5 fxe5 12.Bb2 Be7 13.h4 g5 14.f3 Be6 15.O-O-O
gxh4 16.f4 Nf6 17.f5 Bf7 18.Rh3 Qc6 19.Qxe5 Bxc4 20.Qxe7 Rd6 21.Qe5 Qa4 
22.Qc3 Ba2 23.Rxd3 Rc6 24.Nc4 Bxc4 25.Rd8+ Rxd8 26.Rxd8+ Kxd8 27.Bxc4 b5 
28.Qxf6+ Rxf6 29.Bxf6+ Ke8 30.Bd5 Qxa3+ 31.Kc2 Qg3 0-1

[Event "35th Pan-American U20"]
[Site "Cali COL"]
[Date "2010.05.24"]
[Round "7.6"]
[White "Bassan, Remo"]
[Black "Giron, David"]
[Result "1-0"]
[WhiteElo "2164"]
[BlackElo "1997"]
[EventDate "2010.05.20"]
[PlyCount "94"]

1.e4 c5 2.Nc3 e6 3.g3 Nc6 4.Bg2 Nf6 5.d3 d5 6.Nh3 dxe4 7.Nxe4 Nxe4 8.Bxe4 
e5 9.Ng5 Be7 10.h4 g6 11.c3 f6 12.Nf3 Bg4 13.Qa4 Qd7 14.Be3 O-O-O 15.Nh2 
Bf5 16.O-O-O Bxe4 17.Qxe4 Qe6 18.Kb1 f5 19.Qa4 Rd7 20.f3 h6 21.Rhe1 g5 22.
h5 Qf7 23.g4 fxg4 24.fxg4 Qh7 25.Kc2 Rhd8 26.Qc4 a6 27.Nf3 b5 28.Qe6 Kb7 
29.Nxe5 Nxe5 30.Qxe5 Rxd3 31.Rxd3 Rxd3 32.Qf5 Qxf5 33.gxf5 Rd5 34.Bg1 Bf6 
35.Re6 Rxf5 36.Bxc5 Rxc5 37.Rxf6 Rc6 38.Rg6 Kc7 39.b3 Rd6 40.c4 bxc4 41.
bxc4 Kc6 42.Kc3 Kc5 43.Rg8 Rf6 44.Rc8+ Rc6 45.Rd8 Rd6 46.Re8 Kc6 47.Kb4 
Kd7 1-0

[Event "35th Pan-American U20"]
[Site "Cali COL"]
[Date "2010.05.24"]
[Round "7.7"]
[White "Barros, Raul Junior"]
[Black "Saltos Velez, Adrian"]
[Result "1-0"]
[WhiteElo "2072"]
[BlackElo "2154"]
[EventDate "2010.05.20"]
[PlyCount "93"]

1.e4 c5 2.Nf3 Nc6 3.d4 cxd4 4.Nxd4 g6 5.Nb3 a5 6.a4 Bg7 7.Be2 Nf6 8.O-O 
O-O 9.Nc3 d6 10.Be3 Be6 11.Nd4 Nxd4 12.Bxd4 Rc8 13.Nd5 Bxd5 14.exd5 Nd7 
15.Bxg7 Kxg7 16.Qd4+ Kg8 17.c3 Qb6 18.Qd2 Nc5 19.Ra3 Ne4 20.Qc2 Nf6 21.Rb3
Qa7 22.Qd2 Ne4 23.Qf4 Nc5 24.Ra3 Qb6 25.Qd2 Qc7 26.c4 e5 27.dxe6 fxe6 28.
h4 Rf6 29.Rh3 Rcf8 30.h5 Ne4 31.Qd4 Ng5 32.Rg3 Rf4 33.Qd3 Ne4 34.Rf3 g5 
35.Rxf4 Rxf4 36.g3 Nc5 37.Qd2 Rf5 38.Bg4 Re5 39.Rd1 Ne4 40.Qd4 Qg7 41.Bf3 
d5 42.cxd5 exd5 43.Bxe4 dxe4 44.Qc4+ Qf7 45.Rd8+ Kg7 46.Qd4 Kf6 47.g4 1-0

[Event "35th Pan-American U20"]
[Site "Cali COL"]
[Date "2010.05.24"]
[Round "7.8"]
[White "Rojas Alarcon, Julian Antonio"]
[Black "Ruiz C, Joshua D"]
[Result "1-0"]
[WhiteElo "2323"]
[BlackElo "2094"]
[EventDate "2010.05.20"]
[PlyCount "69"]

1.e4 e6 2.d4 d5 3.Nc3 Bb4 4.e5 b6 5.Qg4 Bf8 6.Nf3 Qd7 7.Bd2 Ba6 8.Bxa6 
Nxa6 9.O-O Ne7 10.a4 O-O-O 11.Ne1 Nc6 12.Nb5 Nab8 13.c3 a6 14.Na3 f5 15.
Qe2 Na7 16.Nac2 Be7 17.Nd3 g5 18.Rfc1 f4 19.b3 Rdf8 20.c4 f3 21.gxf3 Rf5 
22.Ne3 Rff8 23.cxd5 exd5 24.Nb4 Bxb4 25.Bxb4 Rf4 26.Bd6 Nac6 27.Nxd5 Nxd4 
28.Qd3 Nxf3+ 29.Qxf3 Rxf3 30.Nxb6+ Kb7 31.Nxd7 cxd6 32.Nxb8 Kxb8 33.exd6 
Rxb3 34.Rc6 Kb7 35.Rc7+ 1-0

[Event "35th Pan-American U20"]
[Site "Cali COL"]
[Date "2010.05.24"]
[Round "7.9"]
[White "Torres, Juan Camilo"]
[Black "Dominguez, Oscar"]
[Result "1/2-1/2"]
[WhiteElo "2172"]
[BlackElo "1921"]
[EventDate "2010.05.20"]
[PlyCount "50"]

1.d4 Nf6 2.Nf3 g6 3.c4 Bg7 4.Nc3 d6 5.g3 O-O 6.Bg2 c5 7.d5 Na6 8.O-O e5 9.
e4 Bd7 10.Ne1 Rb8 11.a4 Ne8 12.Nb5 Ra8 13.Nd3 Nb4 14.Be3 Nxd3 15.Qxd3 f5 
16.Nxd6 Nxd6 17.Bxc5 Qc7 18.b4 b6 19.Bxd6 Qxd6 20.Qc3 Rac8 21.Rfc1 fxe4 
22.Bxe4 Bf5 23.c5 Bxe4 24.cxd6 Rxc3 25.Rxc3 Rd8 1/2-1/2

[Event "35th Pan-American U20"]
[Site "Cali COL"]
[Date "2010.05.24"]
[Round "7.10"]
[White "Carlo, Daniel"]
[Black "Guelgua, Alvaro"]
[Result "1/2-1/2"]
[WhiteElo "2068"]
[BlackElo "2022"]
[EventDate "2010.05.20"]
[PlyCount "85"]

1.e4 e6 2.d3 c5 3.g3 g6 4.Bg2 Bg7 5.f4 Nc6 6.Nf3 Nge7 7.O-O d6 8.Nc3 Nd4 
9.g4 h5 10.g5 b5 11.Nxd4 Bxd4+ 12.Kh1 Rb8 13.e5 Bxc3 14.bxc3 Bb7 15.Bxb7 
Rxb7 16.exd6 Qxd6 17.a4 b4 18.Qf3 Qd5 19.Be3 Qxf3+ 20.Rxf3 bxc3 21.Bxc5 
Nd5 22.Bd4 O-O 23.Ra3 Rc8 24.Rf2 Rb4 25.Be5 Rc6 26.Kg2 Kf8 27.Kf3 Ke7 28.
Rf1 Rb2 29.Rc1 Kd7 30.Ke2 Kc8 31.Raa1 Kb7 32.Rab1 Rcb6 33.Ra1 Ka6 34.Ra3 
Rc6 35.Kf3 Ka5 36.Bg7 Rb4 37.Be5 a6 38.Rca1 Rb2 39.R1a2 Rxa2 40.Rxa2 Kb4 
41.Bg7 Ka5 42.Ra3 Kb4 43.Bf8+ 1/2-1/2

[Event "35th Pan-American U20"]
[Site "Cali COL"]
[Date "2010.05.24"]
[Round "7.11"]
[White "Moran, Daniel Stiven"]
[Black "Valencia, David Fernando"]
[Result "1-0"]
[WhiteElo "2117"]
[BlackElo "1826"]
[EventDate "2010.05.20"]
[PlyCount "53"]

1.c4 Nf6 2.Nc3 d6 3.g3 Nbd7 4.Bg2 g6 5.e3 Bg7 6.Nge2 O-O 7.O-O e5 8.d3 c6 
9.b4 Qc7 10.b5 Nh5 11.Rb1 f5 12.bxc6 bxc6 13.Qa4 Rb8 14.Qxc6 Qxc6 15.Bxc6 
Rxb1 16.Nxb1 Nc5 17.Bd5+ Be6 18.Bxe6+ Nxe6 19.Nbc3 f4 20.Ne4 fxg3 21.hxg3 
Rd8 22.N2c3 Nf6 23.Nxf6+ Bxf6 24.Nd5 Bg7 25.Ba3 Bf8 26.Rb1 Ng5 27.Rb7 1-0

[Event "35th Pan-American U20"]
[Site "Cali COL"]
[Date "2010.05.24"]
[Round "7.14"]
[White "Mayorquin, Nicolas"]
[Black "Ospina, Juan Pablo"]
[Result "1-0"]
[WhiteElo "1848"]
[BlackElo "1934"]
[EventDate "2010.05.20"]
[PlyCount "51"]

1.e4 c5 2.Nf3 Nc6 3.d4 cxd4 4.Nxd4 g6 5.Nc3 Bg7 6.Nb3 Nf6 7.Be2 O-O 8.O-O 
d6 9.Kh1 Be6 10.Bg5 d5 11.Bxf6 Bxf6 12.exd5 Bxc3 13.dxe6 Bxb2 14.exf7+ Kg7
15.Rb1 Bf6 16.Nc5 b6 17.Ne6+ Kxf7 18.Nxd8+ Raxd8 19.Bc4+ e6 20.Qg4 Rfe8 
21.Qe4 Rd6 22.Rfd1 Red8 23.Rxd6 Rxd6 24.Re1 Kg7 25.h4 Rd4 26.Qxc6 1-0

[Event "35th Pan-American U20"]
[Site "Cali COL"]
[Date "2010.05.25"]
[Round "8.1"]
[White "Rios, Cristhian Camilo"]
[Black "Herrera, Juan Sebastian"]
[Result "1-0"]
[WhiteElo "2267"]
[BlackElo "2122"]
[EventDate "2010.05.20"]
[PlyCount "71"]

1.d4 d5 2.c4 c6 3.Nc3 Nf6 4.Nf3 e6 5.Bg5 h6 6.Bxf6 Qxf6 7.e3 Nd7 8.Bd3 
dxc4 9.Bxc4 g6 10.O-O Bg7 11.Qc2 O-O 12.Rad1 b6 13.Rfe1 Bb7 14.e4 Rad8 15.
e5 Qe7 16.a3 Kh8 17.Ba2 c5 18.d5 exd5 19.Bxd5 Nb8 20.e6 fxe6 21.Bxb7 Qxb7 
22.Rxd8 Rxd8 23.Qxg6 Nd7 24.Qxe6 Nf6 25.Qc4 Re8 26.Rxe8+ Nxe8 27.Qe6 Qb8 
28.Nd5 Nc7 29.Qd6 Na6 30.Qd7 c4 31.Nh4 Nc5 32.Qe7 Qc8 33.Nf6 Bxf6 34.Qxf6+
Kg8 35.Nf5 Qf8 36.Nxh6+ 1-0

[Event "35th Pan-American U20"]
[Site "Cali COL"]
[Date "2010.05.25"]
[Round "8.2"]
[White "Narvaez, Zamir"]
[Black "Arenas, David"]
[Result "0-1"]
[WhiteElo "2176"]
[BlackElo "2313"]
[EventDate "2010.05.20"]
[PlyCount "60"]

1.e4 c5 2.Nf3 d6 3.d4 cxd4 4.Nxd4 Nf6 5.Nc3 a6 6.Bg5 e6 7.f4 Qb6 8.Qd3 
Qxb2 9.Rb1 Qa3 10.f5 Nc6 11.Nxc6 bxc6 12.fxe6 fxe6 13.Be2 Qa5 14.Bd2 Qc7 
15.O-O Be7 16.e5 dxe5 17.Rxf6 Bxf6 18.Bh5+ g6 19.Ne4 O-O 20.Rf1 Bg7 21.
Rxf8+ Kxf8 22.Qa3+ Kg8 23.Bg4 Qb6+ 24.Kf1 Qb1+ 25.Kf2 Qxc2 26.Qe7 Qxe4 27.
Qe8+ Bf8 28.Bh6 Qd4+ 29.Ke1 Qb4+ 30.Kf1 Qe7 0-1

[Event "35th Pan-American U20"]
[Site "Cali COL"]
[Date "2010.05.25"]
[Round "8.3"]
[White "Fernandez, Fernando"]
[Black "Blit, Jacques"]
[Result "1/2-1/2"]
[WhiteElo "2388"]
[BlackElo "2398"]
[EventDate "2010.05.20"]
[PlyCount "79"]

1.Nf3 f5 2.d4 g6 3.c4 Nf6 4.g3 Bg7 5.Bg2 O-O 6.O-O d6 7.Nc3 Qe8 8.Re1 Qf7 
9.b3 Ne4 10.Bb2 Nc6 11.Rc1 e5 12.d5 Nb4 13.a3 Nxc3 14.Rxc3 Na6 15.b4 Nb8 
16.Qb3 a5 17.c5 axb4 18.axb4 e4 19.Ng5 Qe7 20.h4 h6 21.cxd6 cxd6 22.Rec1 
hxg5 23.Rxc8 Na6 24.Rxa8 Rxa8 25.hxg5 Bxb2 26.Qxb2 Qxg5 27.e3 Kf7 28.Qd4 
Qd8 29.Bf1 Rc8 30.Ra1 Qf6 31.Bxa6 Qxd4 32.exd4 bxa6 33.Rxa6 Rb8 34.Rxd6 
Rxb4 35.Kf1 g5 36.Ke2 g4 37.Re6 Rxd4 38.Re5 Kf6 39.Re6+ Kg7 40.Re5 1/2-1/2

[Event "35th Pan-American U20"]
[Site "Cali COL"]
[Date "2010.05.25"]
[Round "8.4"]
[White "Macias Murillo, Bryan"]
[Black "Sanchez Maya, Simon"]
[Result "1-0"]
[WhiteElo "2347"]
[BlackElo "2189"]
[EventDate "2010.05.20"]
[PlyCount "75"]

1.Nf3 d5 2.c4 d4 3.g3 Nc6 4.Bg2 e5 5.d3 Nf6 6.O-O Be7 7.b4 Bxb4 8.Nxe5 
Nxe5 9.Qa4+ Nc6 10.Bxc6+ bxc6 11.Qxb4 h5 12.Ba3 Nd7 13.Qa4 Qf6 14.Nd2 h4 
15.Nf3 Qh6 16.Bc1 Qg6 17.Nxd4 Qh5 18.Bf4 hxg3 19.Bxg3 Rh6 20.Nf3 g5 21.Qa5
c5 22.Qxc7 f5 23.Rab1 f4 24.Bxf4 gxf4 25.Qxf4 Nf6 26.Qe5+ Kf7 27.Qc7+ Kg8 
28.Kh1 Bg4 29.Rg1 Kh8 30.Rg2 Rg8 31.Rb8 Rg6 32.Rxg8+ Nxg8 33.Qe5+ Rf6 34.
Qg3 Nh6 35.Ne5 Rb6 36.h4 Re6 37.Nxg4 Nxg4 38.f3 1-0

[Event "35th Pan-American U20"]
[Site "Cali COL"]
[Date "2010.05.25"]
[Round "8.5"]
[White "Barros, Raul Junior"]
[Black "Bassan, Remo"]
[Result "0-1"]
[WhiteElo "2072"]
[BlackElo "2164"]
[EventDate "2010.05.20"]
[PlyCount "124"]

1.e4 Nf6 2.e5 Nd5 3.d4 d6 4.Nf3 dxe5 5.Nxe5 g6 6.Bc4 c6 7.O-O Nd7 8.Nd2 
Nxe5 9.dxe5 Bg7 10.Re1 Bf5 11.c3 Nb6 12.Bb3 Qc7 13.Nf3 Rd8 14.Qe2 Bd3 15.
Qe3 O-O 16.Nd4 c5 17.Nf3 c4 18.Bd1 Rd5 19.Qg5 f6 20.Qg3 fxe5 21.Ng5 Bf5 
22.Bf3 Rd3 23.Be3 h6 24.Ne4 Nd5 25.Nc5 Nxe3 26.Nxd3 Nc2 27.Nb4 Nxe1 28.
Rxe1 e6 29.Be4 Bxe4 30.Rxe4 Qd6 31.Rd4 Qb6 32.Rxc4 Rd8 33.h3 a5 34.Nc2 g5 
35.b3 Qd6 36.Ne3 b5 37.Re4 Qd2 38.h4 Qe1+ 39.Kh2 Rf8 40.hxg5 h5 41.Rh4 
Qxf2 42.Qh3 Qf7 43.Rxh5 Qg6 44.Ng4 Rf4 45.Nf6+ Kf7 46.Ng4 e4 47.Qh4 e5 48.
Rh6 Bxh6 49.Nxe5+ Ke6 50.Nxg6 Rxh4+ 51.Nxh4 Bxg5 52.g3 Bd2 53.Ng2 Bxc3 54.
Nf4+ Kf5 55.Ne2 b4 56.Kg2 Ke5 57.Kf2 Bd2 58.g4 Bf4 59.Ng3 e3+ 60.Kf3 Bxg3 
61.Kxg3 Ke4 62.g5 Kd3 0-1